| 000 | 00700nam a2200205Ia 4500 | ||
|---|---|---|---|
| 003 | IN-BaIIA | ||
| 008 | 211028s9999 xx 000 0 eng d | ||
| 020 | _a978-0-8194-7222-9 | ||
| 040 | _cIIA Library | ||
| 080 |
_a535(082.1) _bSPI-7012 |
||
| 100 |
_aStepp, L. M _932817 |
||
| 245 | 0 |
_aGround-based and airborne telescopes II _cL. M Stepp and Roberto Gilmozzi |
|
| 260 |
_aWashington _bThe International Society for Optical Engineering _c2008 |
||
| 300 | _a[various pagings.] | ||
| 650 |
_aAirborne telescopes - congresses _932818 |
||
| 650 |
_aGround-based telescopes - congresses _932819 |
||
| 650 |
_aSolar telescopes - congresses _932820 |
||
| 700 |
_aGilmozzi, Roberto _915757 |
||
| 942 | _cBK | ||
| 999 |
_c17393 _d17393 |
||